<?xml version="1.0" encoding="UTF-8"?>
<record
    xmlns:xsi="http://www.w3.org/2001/XMLSchema-instance"
    xsi:schemaLocation="http://www.loc.gov/MARC21/slim http://www.loc.gov/standards/marcxml/schema/MARC21slim.xsd"
    xmlns="http://www.loc.gov/MARC21/slim">

  <leader>02160nam0a22003971  4500</leader>
  <controlfield tag="001">rc\4549335</controlfield>
  <controlfield tag="005">20260407082827.0</controlfield>
  <datafield tag="010" ind1=" " ind2=" ">
    <subfield code="b">&#x412; &#x43F;&#x435;&#x440;.</subfield>
    <subfield code="d">1 &#x440;. 23 &#x43A;.</subfield>
    <subfield code="9">5500</subfield>
  </datafield>
  <datafield tag="021" ind1=" " ind2=" ">
    <subfield code="a">RU</subfield>
    <subfield code="b">[66-62791]</subfield>
  </datafield>
  <datafield tag="035" ind1=" " ind2=" ">
    <subfield code="a">(NLR Aleph) 008640296</subfield>
  </datafield>
  <datafield tag="090" ind1=" " ind2=" ">
    <subfield code="a">8937986</subfield>
    <subfield code="c">8937986</subfield>
  </datafield>
  <datafield tag="100" ind1=" " ind2=" ">
    <subfield code="a">20130416d1966    |||y0rusy50      ca</subfield>
  </datafield>
  <datafield tag="101" ind1="0" ind2=" ">
    <subfield code="a">rus</subfield>
  </datafield>
  <datafield tag="102" ind1=" " ind2=" ">
    <subfield code="a">RU</subfield>
  </datafield>
  <datafield tag="105" ind1=" " ind2=" ">
    <subfield code="a">a   z   ||||b</subfield>
  </datafield>
  <datafield tag="200" ind1="1" ind2=" ">
    <subfield code="a">&#x411;&#x430;&#x440;&#x442;&#x43E;&#x43B;&#x43E;&#x43C;&#x435; &#x434;&#x435; &#x41B;&#x430;&#x441;-&#x41A;&#x430;&#x441;&#x430;&#x441;</subfield>
    <subfield code="e">&#x43A; &#x438;&#x441;&#x442;&#x43E;&#x440;&#x438;&#x438; &#x437;&#x430;&#x432;&#x43E;&#x435;&#x432;&#x430;&#x43D;&#x438;&#x44F; &#x410;&#x43C;&#x435;&#x440;&#x438;&#x43A;&#x438;</subfield>
    <subfield code="e">[&#x441;&#x431;&#x43E;&#x440;&#x43D;&#x438;&#x43A; &#x441;&#x442;&#x430;&#x442;&#x435;&#x439;</subfield>
    <subfield code="f">&#x440;&#x435;&#x434;. &#x43A;&#x43E;&#x43B;&#x43B;&#x435;&#x433;&#x438;&#x44F;: &#x434;-&#x440; &#x438;&#x441;&#x442;. &#x43D;&#x430;&#x443;&#x43A; &#x418;.&#x420;. &#x413;&#x440;&#x438;&#x433;&#x443;&#x43B;&#x435;&#x432;&#x438;&#x447; (&#x43E;&#x442;&#x432;. &#x440;&#x435;&#x434;.) &#x438; &#x434;&#x440;.]</subfield>
    <subfield code="g">&#x410;&#x41D; &#x421;&#x421;&#x421;&#x420;. &#x418;&#x43D;-&#x442; &#x44D;&#x442;&#x43D;&#x43E;&#x433;&#x440;&#x430;&#x444;&#x438;&#x438; &#x438;&#x43C;. &#x41D;.&#x41D;. &#x41C;&#x438;&#x43A;&#x43B;&#x443;&#x445;&#x43E;-&#x41C;&#x430;&#x43A;&#x43B;&#x430;&#x44F;</subfield>
  </datafield>
  <datafield tag="210" ind1=" " ind2=" ">
    <subfield code="a">&#x41C;&#x43E;&#x441;&#x43A;&#x432;&#x430;</subfield>
    <subfield code="c">&#x41D;&#x430;&#x443;&#x43A;&#x430;</subfield>
    <subfield code="d">1966</subfield>
  </datafield>
  <datafield tag="215" ind1=" " ind2=" ">
    <subfield code="a">228 &#x441;., 1 &#x43B;. &#x438;&#x43B;.</subfield>
    <subfield code="c">&#x438;&#x43B;.</subfield>
    <subfield code="d">22</subfield>
  </datafield>
  <datafield tag="320" ind1=" " ind2=" ">
    <subfield code="a">&#x411;&#x438;&#x431;&#x43B;&#x438;&#x43E;&#x433;&#x440;. &#x43E;&#x431;&#x437;&#x43E;&#x440; &#x438; &#x431;&#x438;&#x431;&#x43B;&#x438;&#x43E;&#x433;&#x440;. / &#x441;&#x43E;&#x441;&#x442;. &#x412;.&#x41B;. &#x410;&#x444;&#x430;&#x43D;&#x430;&#x441;&#x44C;&#x435;&#x432;: &#x441;. 180-227</subfield>
  </datafield>
  <datafield tag="517" ind1="1" ind2=" ">
    <subfield code="a">&#x41A; &#x438;&#x441;&#x442;&#x43E;&#x440;&#x438;&#x438; &#x437;&#x430;&#x432;&#x43E;&#x435;&#x432;&#x430;&#x43D;&#x438;&#x44F; &#x410;&#x43C;&#x435;&#x440;&#x438;&#x43A;&#x438;</subfield>
  </datafield>
  <datafield tag="540" ind1="1" ind2=" ">
    <subfield code="a">&#x41B;&#x430;&#x441;-&#x41A;&#x430;&#x441;&#x430;&#x441; &#x411;&#x430;&#x440;&#x442;&#x43E;&#x43B;&#x43E;&#x43C;&#x435; &#x434;&#x435;</subfield>
  </datafield>
  <datafield tag="600" ind1=" " ind2="1">
    <subfield code="a">&#x41B;&#x430;&#x441; &#x41A;&#x430;&#x441;&#x430;&#x441;</subfield>
    <subfield code="b">&#x411;. &#x434;&#x435;</subfield>
    <subfield code="f">1474-1566</subfield>
    <subfield code="g">&#x411;&#x430;&#x440;&#x442;&#x43E;&#x43B;&#x43E;&#x43C;&#x435; &#x434;&#x435;</subfield>
    <subfield code="9">2597625</subfield>
    <subfield code="3">RU\NLR\AUTH\661534737</subfield>
  </datafield>
  <datafield tag="606" ind1=" " ind2=" ">
    <subfield code="a">&#x418;&#x441;&#x442;&#x43E;&#x440;&#x438;&#x43E;&#x433;&#x440;&#x430;&#x444;&#x438;&#x44F;</subfield>
    <subfield code="y">&#x418;&#x441;&#x43F;&#x430;&#x43D;&#x438;&#x44F;</subfield>
    <subfield code="z">16 &#x432;.</subfield>
    <subfield code="9">1221238</subfield>
    <subfield code="3">RU\NLR\AUTH\66496967</subfield>
  </datafield>
  <datafield tag="606" ind1=" " ind2=" ">
    <subfield code="a">&#x41A;&#x43E;&#x43B;&#x43E;&#x43D;&#x438;&#x430;&#x43B;&#x44C;&#x43D;&#x430;&#x44F; &#x43F;&#x43E;&#x43B;&#x438;&#x442;&#x438;&#x43A;&#x430; &#x418;&#x441;&#x43F;&#x430;&#x43D;&#x438;&#x438; &#x432; &#x41B;&#x430;&#x442;&#x438;&#x43D;&#x441;&#x43A;&#x43E;&#x439; &#x410;&#x43C;&#x435;&#x440;&#x438;&#x43A;&#x435;</subfield>
    <subfield code="z">15-16 &#x432;&#x432;.</subfield>
    <subfield code="2">nlr_sh1</subfield>
  </datafield>
  <datafield tag="607" ind1=" " ind2=" ">
    <subfield code="a">&#x418;&#x441;&#x43F;&#x430;&#x43D;&#x438;&#x44F;</subfield>
    <subfield code="x">&#x41A;&#x43E;&#x43B;&#x43E;&#x43D;&#x438;&#x430;&#x43B;&#x44C;&#x43D;&#x430;&#x44F; &#x43F;&#x43E;&#x43B;&#x438;&#x442;&#x438;&#x43A;&#x430;</subfield>
    <subfield code="y">&#x41B;&#x430;&#x442;&#x438;&#x43D;&#x441;&#x43A;&#x430;&#x44F; &#x410;&#x43C;&#x435;&#x440;&#x438;&#x43A;&#x430;</subfield>
    <subfield code="z">16 &#x432;.</subfield>
    <subfield code="9">978370</subfield>
    <subfield code="3">RU\NLR\AUTH\6649273</subfield>
  </datafield>
  <datafield tag="686" ind1="1" ind2=" ">
    <subfield code="a">&#x422;3(4&#x418;&#x441;)4-69</subfield>
  </datafield>
  <datafield tag="686" ind1="1" ind2=" ">
    <subfield code="a">&#x422;3(70)4-5</subfield>
  </datafield>
  <datafield tag="702" ind1=" " ind2="1">
    <subfield code="4">570</subfield>
    <subfield code="8">rus</subfield>
    <subfield code="7">ca</subfield>
    <subfield code="a">&#x41B;&#x430;&#x441; &#x41A;&#x430;&#x441;&#x430;&#x441;</subfield>
    <subfield code="b">&#x411;. &#x434;&#x435;</subfield>
    <subfield code="f">1474-1566</subfield>
    <subfield code="g">&#x411;&#x430;&#x440;&#x442;&#x43E;&#x43B;&#x43E;&#x43C;&#x435; &#x434;&#x435;</subfield>
    <subfield code="3">RU\NLR\AUTH\770132193</subfield>
    <subfield code="9">132159</subfield>
  </datafield>
  <datafield tag="702" ind1=" " ind2="1">
    <subfield code="4">340</subfield>
    <subfield code="8">rus</subfield>
    <subfield code="7">ca</subfield>
    <subfield code="a">&#x413;&#x440;&#x438;&#x433;&#x443;&#x43B;&#x435;&#x432;&#x438;&#x447;</subfield>
    <subfield code="b">&#x418;. &#x420;.</subfield>
    <subfield code="c">&#x434;-&#x440; &#x438;&#x441;&#x442;. &#x43D;&#x430;&#x443;&#x43A;</subfield>
    <subfield code="f">1913-1988</subfield>
    <subfield code="g">&#x418;&#x43E;&#x441;&#x438;&#x444; &#x420;&#x43E;&#x43C;&#x443;&#x430;&#x43B;&#x44C;&#x434;&#x43E;&#x432;&#x438;&#x447;</subfield>
    <subfield code="3">RU\NLR\AUTH\7713732</subfield>
    <subfield code="9">123414</subfield>
  </datafield>
  <datafield tag="712" ind1="0" ind2="2">
    <subfield code="4">650</subfield>
    <subfield code="a">&#x418;&#x43D;&#x441;&#x442;&#x438;&#x442;&#x443;&#x442; &#x44D;&#x442;&#x43D;&#x43E;&#x433;&#x440;&#x430;&#x444;&#x438;&#x438; &#x438;&#x43C;. &#x41D;. &#x41D;. &#x41C;&#x438;&#x43A;&#x43B;&#x443;&#x445;&#x43E;-&#x41C;&#x430;&#x43A;&#x43B;&#x430;&#x44F;</subfield>
    <subfield code="c">&#x41C;&#x43E;&#x441;&#x43A;&#x432;&#x430;</subfield>
    <subfield code="3">RU\NLR\AUTH\888946</subfield>
    <subfield code="9">290399</subfield>
  </datafield>
  <datafield tag="801" ind1=" " ind2="0">
    <subfield code="a">RU</subfield>
    <subfield code="b">NLR</subfield>
    <subfield code="g">psbo</subfield>
  </datafield>
  <datafield tag="801" ind1=" " ind2="1">
    <subfield code="a">RU</subfield>
    <subfield code="b">ELAR</subfield>
    <subfield code="2">rusmarc</subfield>
  </datafield>
  <datafield tag="852" ind1=" " ind2=" ">
    <subfield code="a">NLR</subfield>
    <subfield code="j">66-5/4023</subfield>
  </datafield>
  <datafield tag="942" ind1=" " ind2=" ">
    <subfield code="c">BOOK</subfield>
  </datafield>
  <datafield tag="980" ind1=" " ind2=" ">
    <subfield code="a">NB</subfield>
  </datafield>
  <datafield tag="995" ind1=" " ind2=" ">
    <subfield code="5">2013-10-26</subfield>
    <subfield code="b">NLR01</subfield>
    <subfield code="c">NLR01</subfield>
    <subfield code="e">RF31</subfield>
    <subfield code="f">8640296-10</subfield>
    <subfield code="k">66-5/4023</subfield>
    <subfield code="o">0</subfield>
    <subfield code="r">BOOK</subfield>
    <subfield code="s">6654023_</subfield>
  </datafield>
</record>
